000 00654nam a2200205 i 4500
001 132181
003 ES-MaACL
005 20250514194850.0
007 t|
008 070214s1979 sp |||| | spa d
100 1 _aRojas Zorrilla, Francisco de,
_d1607-1648
_999085
245 1 0 _aAbre el ojo
_b: comedia de Francisco de Rojas Zorrilla /
_cversión de J. M. Caballero Bonald.
260 _aMadrid :
_bVox,
_c1979.
300 _a125 p. ;
_c18 cm.
490 1 _aLa farsa ;
_v1
700 1 _aCaballero Bonald, José Manuel,
_d1926-2021
_9226628
830 0 _aLa farsa ;
_v1
_9185863
852 _aES-MaACL
_jA-10701
999 _c132181
_d132181